书目信息 |
| 题名: |
外语教育
|
|
| 作者: | 徐锦芬 主编 | |
| 分册: | 2013年年刊 | |
| 出版信息: | 武汉 华中科技大学出版社 2015.1 |
|
| 页数: | 212页 | |
| 开本: | 26cm | |
| 丛书名: | ||
| 单 册: | ||
| 中图分类: | H3-42 | |
| 科图分类: | ||
| 主题词: | 外语教学--wai yu jiao xue--教学研究--文集 | |
| 电子资源: | ||
| ISBN: | 978-7-5680-0536-4 | |
| 000 | 01062nam 2200289 450 | |
| 001 | 0100004030 | |
| 005 | 20150602104912.0 | |
| 010 | @a978-7-5680-0536-4@dCNY39.80 | |
| 100 | @a20141224d2015 em y0chiy0121 ea | |
| 101 | 0 | @achi |
| 102 | @aCN@b420000 | |
| 105 | @aak a 000yy | |
| 106 | @ar | |
| 200 | 1 | @a外语教育@Awai yu jiao yu@d= Foreign language education@h2013年年刊@zeng |
| 210 | @a武汉@c华中科技大学出版社@d2015.1 | |
| 215 | @a212页@c图@d26cm | |
| 300 | @a华中科技大学外国语学院主办 | |
| 314 | @a本书主编: 徐锦芬 | |
| 320 | @a有书目 | |
| 330 | @a本书共设置了五个栏目: 外语教育研究、语言学研究、翻译研究、文化与文学研究和书评, 共收录稿件28篇。包括《汉语负迁移对英语口语教学的启示》、《冲突话语研究述评》、《中国古典诗词中数量词的英译策略研究》等。 | |
| 333 | @a本书可供外语教学人员及外语学习者使用 | |
| 510 | 1 | @aForeign language education@zeng |
| 606 | 0 | @a外语教学@Awai yu jiao xue@x教学研究@j文集 |
| 690 | @aH3-42@v5 | |
| 701 | 0 | @a徐锦芬@Axu jin fen@4主编 |
| 801 | 0 | @aCN@c20160515 |
| 905 | @a河南城建学院图书馆@dH3-42@eQ440:2013 | |
| 外语教育= Foreign language education.2013年年刊.-武汉:华中科技大学出版社,2015.1 |
| 212页:图;26cm |
| 华中科技大学外国语学院主办.-使用对象:本书可供外语教学人员及外语学习者使用 |
| ISBN 978-7-5680-0536-4:CNY39.80 |
| 本书共设置了五个栏目: 外语教育研究、语言学研究、翻译研究、文化与文学研究和书评, 共收录稿件28篇。包括《汉语负迁移对英语口语教学的启示》、《冲突话语研究述评》、《中国古典诗词中数量词的英译策略研究》等。 |
| ● |
| 相关链接 |
|
|
|
正题名:外语教育
索取号:H3-42/Q440:2013
 
预约/预借
| 序号 | 登录号 | 条形码 | 馆藏地/架位号 | 状态 | 备注 |
| 1 | 1251518 | 212515189 | 语言库209/209语言库 79排4列4层/ [索取号:H3-42/Q440:2013] | 在馆 | |
| 2 | 1251519 | 212515198 | 语言库209/209语言库 79排4列4层/ [索取号:H3-42/Q440:2013] | 在馆 | |
| 3 | 1251520 | 212515205 | 语言库209/209语言库 79排4列4层/ [索取号:H3-42/Q440:2013] | 在馆 |